Changing the rules - round 26 (Record no. 69707)
[ view plain ]
| 000 -LEADER | |
|---|---|
| fixed length control field | 00961cam a2200217 4500 |
| 001 - CONTROL NUMBER | |
| control field | ABS65124 |
| 008 - FIXED-LENGTH DATA ELEMENTS--GENERAL INFORMATION | |
| fixed length control field | 020306n2002 000 0 eng u |
| 035 ## - SYSTEM CONTROL NUMBER | |
| System control number | (Sirsi) u117017 |
| 100 ## - MAIN ENTRY--PERSONAL NAME | |
| Personal name | Walker, M. |
| 245 ## - TITLE STATEMENT | |
| Title | Changing the rules - round 26 |
| 260 ## - PUBLICATION, DISTRIBUTION, ETC. | |
| Date of publication, distribution, etc. | 2002 |
| 490 ## - SERIES STATEMENT | |
| Series statement | Law Society's Gazette |
| Volume/sequential designation | 99(06) 7 February 2002, 32(1) |
| 520 ## - SUMMARY, ETC. | |
| Summary, etc. | Outlines main changes to specialist jurisdictions and enforcement procedures as result of recent changes to Civil Procedure Rules. Practice directions 49C, 49D, 49F, 49G and 49H to be replaced by CPR parts 58-62, covering Commercial Court, Technology and Construction Court and claims or applications under Arbitration Act 1996. |
| 590 ## - LOCAL NOTE (RLIN) | |
| Local note | ABS |
| 650 ## - SUBJECT ADDED ENTRY--TOPICAL TERM | |
| Topical term or geographic name entry element | MANAGEMENT-DISPUTE AVOIDANCE, MANAGEMENT AND RESOLUTION-DISPUTE MANAGEMENT AND RESOLUTION-ARBITRATION |
| 650 ## - SUBJECT ADDED ENTRY--TOPICAL TERM | |
| Topical term or geographic name entry element | CIVIL PROCEDURE RULES |
| 650 ## - SUBJECT ADDED ENTRY--TOPICAL TERM | |
| Topical term or geographic name entry element | JURISDICTION |
| 650 ## - SUBJECT ADDED ENTRY--TOPICAL TERM | |
| Topical term or geographic name entry element | ENFORCEMENT |
| 690 ## - LOCAL SUBJECT ADDED ENTRY--TOPICAL TERM (OCLC, RLIN) | |
| Topical term or geographic name as entry element | Dispute resolution |
| 9 (RLIN) | 6236 |
| 942 ## - ADDED ENTRY ELEMENTS (KOHA) | |
| Suppress in OPAC | 0 |
| Withdrawn status | Lost status | Source of classification or shelving scheme | Damaged status | Not for loan | Home library | Current library | Shelving location | Date acquired | Total Checkouts | Full call number | Barcode | Date last seen | Copy number | Price effective from | Koha item type |
|---|---|---|---|---|---|---|---|---|---|---|---|---|---|---|---|
| Dewey Decimal Classification | London | London | Journal article | 06/03/2002 | ABS65124 | 117017-1001 | 06/08/2019 | 1 | 06/08/2019 | Journal article |